| 000 | 00836nam0a22002771 4500 | ||
|---|---|---|---|
| 001 | RU\NLR\INFOCOMM_196\5000017828 | ||
| 005 | 20250613090440.0 | ||
| 035 | _a(NLR Aleph) 009066358 | ||
| 090 |
_a7895374 _c7895374 |
||
| 100 | _a20081015d1965 |||y0rusy50 ca | ||
| 101 | 0 | _aspa | |
| 102 | _aRU | ||
| 105 | _ay z 000zy | ||
| 200 | 1 |
_aAparato "electrosueno" Эс-1П _edatos clinicos _fV/o "Medexport" Moscu |
|
| 210 |
_a[М.] _cВнешторгиздат _d[1965] |
||
| 215 |
_a77 с., включ. обл. _d21 см |
||
| 309 | _aОтпечат. множит. аппаратом | ||
| 320 | _aБиблиогр.: с. 70-77 | ||
| 686 |
_aР358.11 _2rubbk |
||
| 712 | 0 | 2 |
_a"Medexport", v/o _4570 |
| 801 | 1 |
_aRU _bNLR _c20081015 |
|
| 801 | 0 |
_aRU _bNLR _gPSBO |
|
| 852 |
_aNLR _jМд21 Г-4/102 |
||
| 942 | _cBOOK | ||
| 980 | _aNB | ||